000 00941nam a22002537a 4500
005 20170124103100.0
010 _a206405
020 _c02.25
035 _a206405
037 _bCen Lib/Ret
040 _aDPL
_bHN
082 _a920
_bकैलाश
100 _aकैलाश कल्पित
_976551
245 _aसाहित्य साधिकाएँ /
_cकैलाश कल्पित
246 _aSahitye sadhikaen /
_bby Kailash Kalpit
260 _aजबलपुर
_bलोक चेतना प्रकाशन
_c1962
270 _bजबलपुर
300 _a139पृ.
_c18सेमी(सजिल्द)
650 _aहिन्दी -- साहित्य
_976552
650 _aहिन्दी -- जीवनियाँ
_976553
650 _aHindi literature
_976554
650 _aHindi - Biographies
_976555
942 _2ddc
_cHN
_h920
_mकैलाश
999 _c117736
_d117736